Psicología genética y aprendizajes escolares (Record no. 123215)

MARC details
000 -LEADER
campo de control de longitud fija 00666nam a2200181 4500
001 - NÚMERO DE CONTROL
campo de control 123215
003 - IDENTIFICADOR DE NÚMERO DE CONTROL
campo de control ES-MaACL
007 - CAMPO FIJO DE DESCRIPCIÓN FÍSICA--INFORMACIÓN GENERAL
campo de control de longitud fija t|
008 - DATOS DE LONGITUD FIJA--INFORMACIÓN GENERAL
campo de control de longitud fija 070214s1983 sp r ||||0| spa d
245 00 - MENCIÓN DEL TÍTULO
Título Psicología genética y aprendizajes escolares
Resto del título : recopilación de textos sobre las aplicaciones pedagógicas de las teorías de Piaget /
Mención de responsabilidad, etc. compilación de César Coll.
260 ## - PUBLICACIÓN, DISTRIBUCIÓN, ETC.
Lugar de publicación, distribución, etc. Madrid :
Nombre del editor, distribuidor, etc. Siglo Veintiuno,
Fecha de publicación, distribución, etc. 1983.
300 ## - DESCRIPCIÓN FÍSICA
Extensión 224 p :
Otras características físicas il ;
Dimensiones 24 cm.
490 1# - MENCIÓN DE SERIE
Mención de serie Psicología y Etología
700 1# - ENTRADA AGREGADA--NOMBRE PERSONAL
Nombre de persona Coll, César.
9 (RLIN) 39612
830 00 - PUNTO DE ACCESO ADICIONAL DE SERIE-TÍTULO UNIFORME
Título uniforme Psicología y etología (Siglo XXI)
9 (RLIN) 179901
852 ## - LOCALIZACIÓN
Ubicación ES-MaACL
Número de control de estantería L-5122
Sublocalización o colección R.105591
Holdings
Estatus retirado Estado de pérdida Estado de daño No para préstamo Biblioteca de origen Biblioteca actual Ubicación en estantería Fecha de adquisición Fuente de adquisición Total de préstamos Signatura topográfica completa Código de barras Visto por última vez Precio de reemplazo Tipo de ítem Koha
        Biblioteca del Ateneo de Madrid Biblioteca del Ateneo de Madrid Depósito 2 17/01/2008     L-5122 1128387 23/02/2023 23/02/2023 Libro impreso